Statistics for Haritada İstanbul Metrosu

Click here to take the quiz!

General Stats

  • This quiz has been taken 358 times
  • The average score is 44 of 128

Answers on the Map

Answers color-coded by a green-red scale on the quiz's map according to % correct below.
 

Answer Stats

Hattıİstasyon% Correct
M4Kadıköy
84%
M5Üsküdar
68%
M1 | M2Yenikapı
68%
M1Bayrampaşa ‐ Maltepe
64%
M4Pendik
64%
M2 | M7Şişli - Mecidiyeköy
62%
M4Esenkent
61%
M2Taksim
61%
M4Sabiha Gökçen Havalimanı
60%
M4Ayrılık Çeşmesi
57%
M2Hacıosman
57%
M1BBağcılar Meydan
56%
M4Maltepe
54%
M1AAtatürk Havalimanı
53%
M1Emniyet ‐ Fatih
53%
M4Kartal
53%
M2 | M6Levent
52%
M24. Levent
51%
M2Haliç
51%
M4 | M8Bostancı
50%
M2Atatürk Oto Sanayi
49%
M7 | M11Kağıthane
49%
M5Ümraniye
49%
M1ABakırköy - İncirli
48%
M1BEsenler
48%
M11İstanbul Havalimanı
48%
M1B | M3Kirazlı
48%
M7Yıldız
47%
M5Çekmeköy
46%
M3Başakşehir - Metrokent
45%
M4Göztepe
45%
M7Göztepe Mahallesi
45%
M2Gayrettepe
44%
M1Topkapı - Ulubatlı
44%
M1AAtaköy - Şirinevler
43%
M3Başak Konutları
43%
M1 | M1A | M1BOtogar
43%
M1AZeytinburnu
43%
M2Vezneciler - İstanbul Üniversitesi
42%
M6Boğaziçi Üniversitesi - Hisarüstü
41%
M5 | M8Dudullu
41%
M4Fevzi Çakmak - Hastane
41%
M2Osmanbey
41%
M2Şişhane - Zemin İstanbul
41%
M4Tavşantepe
41%
M4Ünalan
40%
M4Acıbadem
39%
M1Aksaray
39%
M1ABahçelievler
39%
M2İTÜ - Ayazağa
39%
M4Kurtköy
39%
M3 | M7Mahmutbey
39%
M2Seyrantepe
39%
M4Hastane - Adliye
37%
M4 | M8Kozyatağı
37%
M1AMerter
37%
M2Sanayi Mahallesi
37%
M5Altunizade
35%
M1ADavutpaşa - YTÜ
35%
M4Küçükyalı
35%
M1AYenibosna
35%
M7Alibeyköy
34%
M9Olimpiyat
33%
M6Etiler
32%
M7Fulya
32%
M1Kocatepe
32%
M1Sağmalcılar
30%
M8Huzur
29%
M4Yenisahra
29%
M2Darüşşafaka
28%
M11Göktürk
28%
M3Kayaşehir Merkez
28%
M1ADTM ‐ İstanbul Fuar Merkezi
27%
M5Çarşı
26%
M5Bağlarbaşı
25%
M7Çağlayan
25%
M4Gülsuyu
25%
M4Huzurevi
25%
M3 | M9İkitelli Sanayi
25%
M6Nispetiye
25%
M4Soğanlık
25%
M1BÜçyüzlü
25%
M4Yayalar - Şeyhli
25%
M5Bulgurlu
24%
M5Fıstıkağacı
24%
M7Karadeniz Mahallesi
24%
M5Kısıklı
24%
M1BMenderes
24%
M8Parseller
24%
M1ATerazidere
24%
M3 | M7Yenimahalle
24%
M9Bahariye
23%
M5İmam Hatip Lisesi
23%
M11Kemerburgaz
23%
M5Çakmak
22%
M7Çırçır
22%
M9MASKO
22%
M4Yakacık - Adnan Kahveci
22%
M8Ayşekadın
21%
M7Giyimkent - Tekstilkent
21%
M8İçerenköy
21%
M5Altınşehir
20%
M5Necip Fazıl
20%
M11Hasdal
19%
M5Ihlamurkuyu
19%
M3İSTOÇ
19%
M8Kayışdağı
19%
M7Nurtepe
19%
M5Yamanevler
19%
M11Kargo Terminali
18%
M3Şehir Hastanesi
18%
M9Ziya Gökalp Mahallesi
18%
M7Kazım Karabekir
17%
M8İMES
16%
M8Küçükbakkalköy
16%
M8Mevlana
16%
M8MODOKO - KEYAP
16%
M7Oruç Reis
16%
M7Veysel Karani - Akşemsettin
16%
M8Emin Ali Paşa
15%
M11İhsaniye
15%
M3Onurkent
15%
M3Toplu Konutlar
15%
M3Turgut Özal
15%
M3Siteler
14%
M7Yeşilpınar
14%

Score Distribution

Percentile by Number Answered

Percent of People with Each Score

Your Score History

You have not taken this quiz